Developing countries in British fiction / (Record no. 18322)
[ view plain ]
| 000 -LEADER | |
|---|---|
| fixed length control field | 00986cam a2200301 i 4500 |
| 001 - CONTROL NUMBER | |
| control field | 18322 |
| 003 - CONTROL NUMBER IDENTIFIER | |
| rucl marc code | BD-RjUL |
| 005 - DATE AND TIME OF LATEST TRANSACTION | |
| control field | 20211209000253.0 |
| 008 - FIXED-LENGTH DATA ELEMENTS--GENERAL INFORMATION | |
| fixed length control field | 140220s1977 enk b 001 1 eng |
| 020 ## - INTERNATIONAL STANDARD BOOK NUMBER | |
| International Standard Book Number | 0333197674 |
| 035 ## - SYSTEM CONTROL NUMBER | |
| System control number | (BD-RjUL)18380 |
| 040 ## - CATALOGING SOURCE | |
| Original cataloging agency | DLC |
| Transcribing agency | DLC |
| Modifying agency | BD-RjUL |
| Language of cataloging | eng |
| 041 ## - LANGUAGE CODE | |
| Language code of text/sound track or separate title | eng |
| 082 00 - DEWEY DECIMAL CLASSIFICATION NUMBER | |
| Classification number | 823.009 |
| Author mark and year | GOD 1977 |
| 100 1# - MAIN ENTRY--PERSONAL NAME | |
| Personal name | Goonetilleke, D. C. R. A. |
| 9 (RLIN) | 56396 |
| 245 10 - TITLE STATEMENT | |
| Title | Developing countries in British fiction / |
| Statement of responsibility, etc. | D. C. R. A. Goonetilleke. |
| 260 ## - PUBLICATION, DISTRIBUTION, ETC. (IMPRINT) | |
| Place of publication, distribution, etc. | London : |
| Name of publisher, distributor, etc. | Macmillan, |
| Date of publication, distribution, etc. | c1977. |
| 300 ## - PHYSICAL DESCRIPTION | |
| Pagination | ix, 282 p. ; |
| Size | 23 cm. |
| 500 ## - GENERAL NOTE | |
| General note | Originally presented as the author's thesis, Lancaster. |
| General note | Includes index. |
| 504 ## - BIBLIOGRAPHY, ETC. NOTE | |
| Bibliography, etc | Bibliography: p. 271-276. |
| 600 10 - SUBJECT ADDED ENTRY--PERSONAL NAME | |
| Personal name | Conrad, Joseph, |
| Dates associated with a name | 1857-1924 |
| General subdivision | Knowledge |
| -- | Developing countries. |
| 650 #0 - SUBJECT ADDED ENTRY--TOPICAL TERM | |
| Topical term or geographic name as entry element | English fiction |
| General subdivision | History and criticism. |
| 9 (RLIN) | 56398 |
| 651 #0 - SUBJECT ADDED ENTRY--GEOGRAPHIC NAME | |
| Geographic name | Developing countries |
| General subdivision | In literature. |
| 9 (RLIN) | 56399 |
| 942 ## - ADDED ENTRY ELEMENTS (KOHA) | |
| Source of classification or shelving scheme | Dewey Decimal Classification |
| Koha item type | Books |
| Lost status | Source of classification or shelving scheme | Damaged status | Not for loan | Collection code | Permanent Location | Current Location | Shelving location | Date acquired | Source of acquisition | Cost, normal purchase price | Total Checkouts | Full call number | Date last seen | Copy number | Koha item type |
|---|---|---|---|---|---|---|---|---|---|---|---|---|---|---|---|
| Dewey Decimal Classification | Not For Loan | Fiction | Central Library, University of Rajshahi | Central Library, University of Rajshahi | Reading Room | 31/03/1980 | W. Heffer and sons | 8.95 | 823.009 GOD 1977 | 20/02/2014 | C-1 | Books |